|
|
|
|
| LEADER |
01100nam a2200349 a 4500 |
| 001 |
000102385 |
| 003 |
CZ BrMZK |
| 005 |
20220126184950.0 |
| 007 |
ta |
| 008 |
960815s1996 xr e f 0 cze d |
| 015 |
|
|
|a cnb000168027
|
| 020 |
|
|
|a 80-85825-19-8
|
| 035 |
|
|
|a (OCoLC)38152002
|
| 040 |
|
|
|a BOA001
|b cze
|
| 072 |
|
7 |
|a 004.4/.6
|x Programování. Software
|2 Konspekt
|9 23
|
| 080 |
|
|
|a 004.42Excel
|2 MRF
|
| 080 |
|
|
|a 004.67
|2 MRF
|
| 080 |
|
|
|a (035)
|2 MRF
|
| 100 |
1 |
|
|a Varner, David,
|d 1972-
|7 ola2003204827
|4 aut
|
| 245 |
1 |
0 |
|a Excel 7 /
|c David Varner a Ivo Leitgeb
|
| 250 |
|
|
|a 1. vyd.
|
| 260 |
|
|
|a Brno :
|b CCB,
|c 1996
|
| 300 |
|
|
|a viii, 230 s. :
|b il. ;
|c 23 cm
|
| 490 |
1 |
|
|a Efektivně
|
| 650 |
0 |
7 |
|a Microsoft Excel 7.0 (software)
|7 ph117861
|2 czenas
|
| 650 |
0 |
7 |
|a tabulkové procesory
|7 ph116391
|2 czenas
|
| 655 |
|
7 |
|a příručky
|7 fd133209
|2 czenas
|
| 700 |
1 |
|
|a Leitgeb, Ivo,
|d 1971-
|7 ola2003204826
|4 aut
|
| 830 |
|
0 |
|a Efektivně
|
| 910 |
|
|
|a BOA001
|b 2-1026.148
|
| 990 |
|
|
|a BK
|
| 996 |
6 |
|
|b 2610043673
|c 2-1026.148
|l MZK
|r Sklad / do 1 hodiny
|n 37
|p p.v.
|w 000102385
|u 000010
|a 1
|e BOA001
|j MZK50
|s P
|